书目信息 |
| 题名: |
汉语句子理解的认知老化研究
|
|
| 作者: | 柳鑫淼 著 | |
| 分册: | ||
| 出版信息: | 成都 四川大学出版社 2020.1 |
|
| 页数: | 194页 | |
| 开本: | 24cm | |
| 丛书名: | 大学文库 | |
| 单 册: | ||
| 中图分类: | H018.4 | |
| 科图分类: | ||
| 主题词: | 老年人--lao nian ren--语言障碍--研究 | |
| 电子资源: | ||
| ISBN: | 978-7-5690-3354-0 | |
| 000 | 01124oam2 2200265 450 | |
| 001 | 2158020611 | |
| 005 | 20211011172911.0 | |
| 010 | @a978-7-5690-3354-0@dCNY58.00 | |
| 100 | @a20200519d2020 em y0chiy50 ea | |
| 101 | 0 | @achi |
| 102 | @aCN@b510000 | |
| 105 | @aa z 000yy | |
| 106 | @ar | |
| 200 | 1 | @a汉语句子理解的认知老化研究@Ahan yu ju zi li jie de ren zhi lao hua yan jiu@f柳鑫淼著 |
| 210 | @a成都@c四川大学出版社@d2020.1 | |
| 215 | @a194页@c图@d24cm | |
| 225 | 2 | @a大学文库@Ada xue wen ku |
| 300 | @a北京外国语大学双一流建设科研项目 | |
| 330 | @a本书是一本心理语言学领域的学术著作,也是一项针对老年人语言能力衰退问题的专项研究。本书以60岁以上的老年人为研究对象,采用行为实验和脑电实验等多种研究方法,对句子加工能力的认知老化现象、影响因素及其认知心理机制进行了深入的分析,并基于研究发现设计了可以用于检测和评估老年语言认知障碍的题目,为老年语言障碍的早期诊断、评估和康复治疗提供参考。 | |
| 461 | 0 | @12001 @a大学文库 |
| 606 | 0 | @a老年人@Alao nian ren@x语言障碍@x研究 |
| 690 | @aH018.4@v5 | |
| 701 | 0 | @a柳鑫淼@Aliu xin miao@4著 |
| 801 | 0 | @aCN@b百万庄@c20211007 |
| 905 | @b1306673-76@dH018.4@e549@f4 | |
| 汉语句子理解的认知老化研究/柳鑫淼著.-成都:四川大学出版社,2020.1 |
| 194页:图;24cm.-(大学文库) |
| 北京外国语大学双一流建设科研项目 |
| ISBN 978-7-5690-3354-0:CNY58.00 |
| 本书是一本心理语言学领域的学术著作,也是一项针对老年人语言能力衰退问题的专项研究。本书以60岁以上的老年人为研究对象,采用行为实验和脑电实验等多种研究方法,对句子加工能力的认知老化现象、影响因素及其认知心理机制进行了深入的分析,并基于研究发现设计了可以用于检测和评估老年语言认知障碍的题目,为老年语言障碍的早期诊断、评估和康复治疗提供参考。 |
| ● |
| 相关链接 |
|
|
|
|
正题名:汉语句子理解的认知老化研究
索取号:H018.4/549
 
预约/预借
| 序号 | 登录号 | 条形码 | 馆藏地/架位号 | 状态 | 备注 |
| 1 | 1306673 | 213066732 | 第二样本阅览室/ [索取号:H018.4/549] | 在馆 | |
| 2 | 1306674 | 213066741 | 第四借阅区/ [索取号:H018.4/549] | 在馆 | |
| 3 | 1306675 | 213066750 | 第四借阅区/ [索取号:H018.4/549] | 在馆 | |
| 4 | 1306676 | 213066769 | 第四借阅区/ [索取号:H018.4/549] | 在馆 |